| 000 | 00640nam a22001937a 4500 | ||
|---|---|---|---|
| 003 | OSt | ||
| 005 | 20180605095948.0 | ||
| 008 | 180604b xxu||||| |||| 00| 0 eng d | ||
| 040 | _aLB-BrCRDP | ||
| 082 | _a373.246752 J11s | ||
| 110 | _aJapanese national commission for unesco | ||
| 245 | _aStandard facilities and equipment for industrial upper secondary schools in Japan | ||
| 260 |
_aJapan _bJapanese national commission for Unesco _c1973 |
||
| 300 |
_a217p _c26cm |
||
| 630 | _aEducation, Secondary -- Japan. | ||
| 630 | _aSchools -- Furniture, equipment, etc. -- Industrial. | ||
| 630 | _aEducation, Secondary. | ||
| 942 |
_2ddc _cBK |
||
| 999 |
_c19323 _d19323 |
||